000 01349nam a2200253Ia 4500
003 Ost
005 20260507074906.0
008 260507s9999||||xx |||||||||||||| ||und||
020 _a9960246221
040 _cfsecg
041 _aara
082 _a658.8
100 _aكوكس، باربارا
_eمؤلف
245 0 _aتسويق الضيافة في الأنترنت /
_c باربارا كوكس
260 _aالرياض:
_bدار المريخ للنشر,
_c2007
300 _a465 صفحة؛
_bإيضاحات ؛
_c24 سم
504 _aمعجم المصطلحات ص.447
520 _aإنتاج تواجد الأنترنت ونباءة أعمال الضيافة على الويب، الوقوف بعيد عن الإزدحام، تحديد الموقع والجمهور، محتوى موقع الويب، حجوزات الخط المفتوح، الوظائف التداخلية الأخرى، إعلان الأنترنت، الروابط واللوحات، الترويج والإعلان على النت، البريد الإلكتروني الفعال، آليات البريد الإلكتروني
653 _aالتسويق
653 _aالتسويق الإلكتروني
700 _aسرور علي ابراهيم سرور
_eمؤلف ثانوي
700 _aكوليزر، وليم
_eمؤلف ثانوي
942 _cكتاب
999 _c41701
_d41701